000 00914cam a22002891a 4500
001 13367
003 BD-RjUL
005 20211208235437.0
008 140201s1963 ja 000 0 eng d
035 _a(BD-RjUL)13418
035 _a(OCoLC)1269429
040 _aDLC
_cFO
_dOCoLC
_dInLP
_dDLC
_dBD-RjUL
_beng
041 1 _aeng
_hjpn
082 _a709.52
_bJAP 1963
245 1 0 _aJapanese sense of beauty /
_ccompiled, the Asahi weekly ; text, Seiroku Noma ; photographs, Zenkichi Kokubo.
250 _a1st ed.
260 _aTokyo, Japan :
_bAsahi Shimbun Pub. Co. ;
_cc1963.
300 _aiv, 143 p. :
_bchiefly ill. (some col.) ;
_c26 cm.
500 _aTranslation of: Nihon-bi saiken.
650 0 _aArt, Japanese.
_941659
700 1 _aNoma, Seiroku
_941660
700 1 _aKokubo, Zenkichi.
_941661
730 0 _aShūkan Asahi.
_941662
942 _2ddc
_cBK
999 _c13367
_d13367